Loading...
Other - Geo/CE | 3 | 3 | 1 | 2 | 70 | 50 | 91.50 | 4 | 6 |
Literature - Euro Lit | 0 | 4 | 0 | 1 | 40 | 93 | 115.50 | 0 | 4 |
Thought - Social Science | 1 | 2 | 0 | 0 | 35 | 48 | 93.00 | 2 | 3 |
Beliefs - Mythology | 1 | 1 | 0 | 0 | 25 | 58 | 82.00 | 1 | 2 |
History - World History | 1 | 1 | 1 | 1 | 20 | 58 | 89.00 | 0 | 2 |
Arts - Other Arts | 0 | 1 | 0 | 0 | 10 | 96 | 96.00 | 1 | 1 |
Other - Other Academic | 0 | 1 | 0 | 0 | 10 | 110 | 110.00 | 1 | 1 |
Literature - British Lit | 0 | 1 | 0 | 0 | 10 | 121 | 121.00 | 0 | 1 |
Arts - Painting | 0 | 1 | 0 | 0 | 10 | 108 | 108.00 | 0 | 1 |
Beliefs - Religion | 0 | 1 | 0 | 0 | 10 | 79 | 79.00 | 1 | 1 |
History - Euro History | 0 | 1 | 0 | 0 | 10 | 93 | 93.00 | 1 | 1 |
History - Other History | 0 | 1 | 0 | 0 | 10 | 137 | 137.00 | 1 | 1 |
Thought - Philosophy | 0 | 1 | 0 | 0 | 10 | 82 | 82.00 | 0 | 1 |
Literature - World Lit | 0 | 1 | 1 | 0 | 5 | 113 | 113.00 | 0 | 1 |
Science - Other Science | 0 | 0 | 1 | 0 | -5 | 0.00 | 0 | 0 |